[Event "World Blitz 2016"]
[Site "Doha QAT"]
[Date "2016.12.30"]
[Round "15.30"]
[White "Tregubov, Pavel V."]
[Black "Mareco, Sandro"]
[Result "0-1"]
[WhiteTitle "GM"]
[BlackTitle "GM"]
[WhiteElo "2585"]
[BlackElo "2635"]
[WhiteFideId "4115341"]
[BlackFideId "112275"]
[EventDate "2016.12.29"]

1. d4 Nf6 2. c4 e6 3. Nc3 Bb4 4. e3 O-O 5. Bd3 d5 6. Ne2 c5 7. cxd5 exd5 8. O-O
Nc6 9. a3 Bxc3 10. bxc3 Re8 11. Ng3 b6 12. f3 a5 13. Kh1 Ba6 14. Bxa6 Rxa6 15.
Ra2 Ra7 16. a4 Rae7 17. Qb3 cxd4 18. cxd4 Nb4 19. Re2 Rc7 20. Ba3 Rc4 21. Rd1
Qd7 22. Bb2 Rec8 23. e4 Nc2 24. e5 Ne8 25. Qd3 g6 26. f4 Qxa4 27. f5 Nb4 28. Qb1
Qa2 29. Qxa2 Nxa2 30. e6 fxe6 31. fxg6 Rc2 32. gxh7+ Kxh7 33. Rxe6 Rxb2 34. Nf5
a4 35. h4 Nc3 36. Rd3 Ne4 37. Rf3 N8f6 38. Kh2 Rg8 39. Re7+ Kh8 40. Kh3 Rgxg2 0-1

[Event "World Blitz 2016"]
[Site "Doha QAT"]
[Date "2016.12.30"]
[Round "15.31"]
[White "Ganguly, Surya Shekhar"]
[Black "Pichot, Alan"]
[Result "1-0"]
[WhiteTitle "GM"]
[BlackTitle "GM"]
[WhiteElo "2668"]
[BlackElo "2544"]
[WhiteFideId "5002150"]
[BlackFideId "110973"]
[EventDate "2016.12.29"]

1. e4 c5 2. Nf3 e6 3. d4 cxd4 4. Nxd4 a6 5. Be2 Nf6 6. Nc3 Qc7 7. O-O Be7 8. f4
d6 9. Be3 Nc6 10. a4 O-O 11. Kh1 Bd7 12. Nb3 b6 13. g4 Bc8 14. g5 Nd7 15. Bf3
Bb7 16. Bg2 Rfe8 17. Rf3 Bf8 18. Rh3 g6 19. Qe1 Nb4 20. Qf2 Nc5 21. Rf1 d5 22.
Bd4 h5 23. gxh6 Kh7 24. Bg7 Bd6 25. e5 Be7 26. Nd4 Ne4 27. Qe2 Qc5 28. Nf3 Rad8
29. Nxe4 dxe4 30. Ng5+ Bxg5 31. fxg5 Rd7 32. Rc3 Qd5 33. Re3 Qc5 34. Bxe4 Bxe4+
35. Rxe4 Qc6 36. Kg1 Nd5 37. Bf6 Qc5+ 38. Qf2 Qc6 39. Rd4 Qc5 40. Rfd1 Rc7 41.
c4 Nb4 42. Rd7 Qxc4 43. Bd8 Rxd7 44. Rxd7 Qg4+ 45. Qg2 Qf4 46. Bf6 Rf8 47. Qd2
Qg4+ 48. Qg2 Qf4 49. Qg3 Qc1+ 50. Kf2 Nd5 51. Qd3 Qf4+ 52. Ke1 Qc1+ 53. Kf2
Qxb2+ 54. Kg3 Qc1 55. Qf3 Qg1+ 56. Qg2 Qe3+ 57. Qf3 Qe1+ 58. Kh3 Qc1 59. Bg7
Nf4+ 60. Kg4 Nh5 61. Bxf8 Qg1+ 62. Kh3 1-0

[Event "World Blitz 2016"]
[Site "Doha QAT"]
[Date "2016.12.30"]
[Round "15.32"]
[White "Grandelius, Nils"]
[Black "Belyakov, Bogdan"]
[Result "0-1"]
[WhiteTitle "GM"]
[BlackTitle "IM"]
[WhiteElo "2643"]
[BlackElo "2487"]
[WhiteFideId "1710400"]
[BlackFideId "24104795"]
[EventDate "2016.12.29"]

1. d4 Nf6 2. Nc3 c5 3. d5 g6 4. e4 d6 5. Be2 Bg7 6. Nf3 O-O 7. O-O Bg4 8. a4
Bxf3 9. Bxf3 Nbd7 10. Bf4 Rb8 11. Re1 a6 12. Be2 Qc7 13. Bf1 c4 14. a5 b5 15.
axb6 Rxb6 16. Na4 Rb7 17. Ra2 Rfb8 18. Qe2 Nc5 19. Nxc5 Qxc5 20. c3 Nd7 21. Bc1
Ne5 22. Qd1 a5 23. h3 h5 24. Qa4 Rb5 25. Qc2 Kh7 26. Ra4 Bh6 27. Bxh6 Kxh6 28.
Ra2 Qb6 29. Rea1 Kg7 30. Qd2 Rxb2 31. Rxb2 Qxb2 32. Qxb2 Rxb2 33. Rxa5 Rb3 34.
Ra7 Kf6 35. Rc7 g5 36. g3 Rxc3 37. f4 Rxg3+ 0-1

[Event "World Blitz 2016"]
[Site "Doha QAT"]
[Date "2016.12.30"]
[Round "15.33"]
[White "Moiseenko, Alexander"]
[Black "Halkias, Stelios"]
[Result "1-0"]
[WhiteTitle "GM"]
[BlackTitle "GM"]
[WhiteElo "2657"]
[BlackElo "2585"]
[WhiteFideId "14102560"]
[BlackFideId "4201809"]
[EventDate "2016.12.29"]

1. d4 d5 2. c4 e6 3. Nf3 c5 4. e3 Nf6 5. Nc3 a6 6. a3 dxc4 7. Bxc4 b5 8. Ba2 Bb7
9. O-O Nbd7 10. Qe2 Be7 11. e4 cxd4 12. Nxd4 Bd6 13. f4 Bc5 14. Be3 Qb6 15. Rad1
e5 16. fxe5 Nxe5 17. b4 Bxd4 18. Bxd4 Qc7 19. Nd5 Nxd5 20. exd5 f6 21. Rfe1 Kf8
22. d6 Qc6 23. Bxe5 Re8 24. d7 Qb6+ 25. Kh1 Rxe5 26. d8=Q+ 1-0

[Event "World Blitz 2016"]
[Site "Doha QAT"]
[Date "2016.12.30"]
[Round "15.34"]
[White "Quparadze, Giga"]
[Black "Pantsulaia, Levan"]
[Result "0-1"]
[WhiteTitle "IM"]
[BlackTitle "GM"]
[WhiteElo "2481"]
[BlackElo "2607"]
[WhiteFideId "13602250"]
[BlackFideId "13602071"]
[EventDate "2016.12.29"]

1. e4 c5 2. Nf3 e6 3. Nc3 a6 4. g3 b5 5. Bg2 Bb7 6. d3 d6 7. O-O Nf6 8. Ng5 h6
9. Nh3 Nc6 10. f4 Be7 11. f5 e5 12. Nd5 Nxd5 13. exd5 Nb8 14. c4 Nd7 15. Nf2
bxc4 16. dxc4 Nf6 17. Ne4 Nxe4 18. Bxe4 Bg5 19. a3 a5 20. Kg2 Bc8 21. h4 Bxc1
22. Rxc1 Rb8 23. Qd2 f6 24. Rc3 a4 25. g4 Bd7 26. Rg3 Rb6 27. Rf2 Qa8 28. g5
hxg5 29. hxg5 Kd8 30. g6 Ke7 31. Rh3 Rxh3 32. Kxh3 Rb3+ 33. Kg4 Qe8 34. Rf3
Qxg6+ 35. Kh4 Qh7+ 36. Kg3 Rxf3+ 37. Bxf3 Qxf5 38. Qc3 Qf4+ 39. Kg2 g5 40. b4
axb3 41. Qxb3 g4 42. Be2 Qe4+ 43. Kf2 f5 44. Qg3 Kd8 45. Qh4+ Kc7 46. Qg3 f4 47.
Qc3 Qd4+ 0-1

[Event "World Blitz 2016"]
[Site "Doha QAT"]
[Date "2016.12.30"]
[Round "15.35"]
[White "Anton Guijarro, David"]
[Black "Lalith, Babu M R"]
[Result "0-1"]
[WhiteTitle "GM"]
[BlackTitle "GM"]
[WhiteElo "2650"]
[BlackElo "2587"]
[WhiteFideId "2285525"]
[BlackFideId "5024595"]
[EventDate "2016.12.29"]

1. Nf3 Nf6 2. b3 d5 3. Bb2 e6 4. e3 Bd6 5. d4 b6 6. Bd3 Bb7 7. O-O O-O 8. c4
Nbd7 9. Nc3 a6 10. a4 c5 11. cxd5 exd5 12. Qe2 Re8 13. Rfd1 Qe7 14. Rac1 g6 15.
h3 cxd4 16. Nxd4 Nc5 17. Bc2 Rac8 18. Qe1 Nfe4 19. Nxe4 dxe4 20. Ne2 Be5 21.
Bxe5 Qxe5 22. Nd4 Nd3 23. Bxd3 exd3 24. Rxc8 Rxc8 25. f3 a5 26. Rxd3 Qc5 27. Nb5
Qg5 28. h4 Qf5 29. e4 Qf4 30. Rc3 Rd8 31. Rc2 Bc8 32. Na3 Be6 33. Nc4 Rd3 34.
Kh1 Rxb3 35. Nd2 Rd3 36. Nf1 Qd6 37. Rc1 Qb4 38. Qg3 h5 39. Rc7 Rd1 40. Kh2 Rxf1
41. Rb7 Qd4 42. Qf4 Rd1 43. Rb8+ Kh7 44. Rb7 Qd6 45. e5 Qd8 46. Kg3 Rd4 47.
Rxf7+ Bxf7 48. Qxf7+ Kh8 49. f4 Qg8 50. Qf6+ Qg7 51. Qxb6 Rd3+ 52. Kf2 Qf7 53.
Ke2 Rb3 54. Qd8+ Kh7 55. Qd4 Rb4 56. Qd6 Rxf4 57. Ke3 Rf1 58. Qd4 Qf2+ 59. Ke4
Qxg2+ 60. Ke3 Qg1+ 61. Ke4 Qg2+ 62. Ke3 Re1+ 63. Kf4 Qg4# 0-1

[Event "World Blitz 2016"]
[Site "Doha QAT"]
[Date "2016.12.30"]
[Round "15.37"]
[White "Christiansen, Johan-Sebastian"]
[Black "Ghaem Maghami, Ehsan"]
[Result "1-0"]
[WhiteTitle "IM"]
[BlackTitle "GM"]
[WhiteElo "2429"]
[BlackElo "2574"]
[WhiteFideId "1512668"]
[BlackFideId "12500739"]
[EventDate "2016.12.29"]

1. Nf3 c5 2. c4 Nc6 3. g3 g6 4. Bg2 Bg7 5. Nc3 e6 6. d4 cxd4 7. Nb5 d6 8. Nbxd4
Nxd4 9. Nxd4 a6 10. O-O Ne7 11. Bg5 Qb6 12. Be3 Qxb2 13. Rb1 Qxa2 14. Qd3 Qa4
15. Bxb7 Bxb7 16. Rxb7 Rc8 17. Nf3 Qc6 18. Rb6 Qxc4 19. Qxd6 Nf5 20. Qa3 Nxe3
21. fxe3 Bf6 22. Nd2 Qc5 23. Qxc5 Rxc5 24. Ne4 Rc7 25. Nxf6+ Ke7 26. Rxa6 h5 27.
Ne4 Rhc8 28. Ng5 Rd8 29. Ra3 Ke8 30. Rd3 Re7 31. Ne4 Rc8 32. Nd6+ Kf8 33. Nb5
Rcc7 34. Nd4 Rb7 35. Nf3 Kg7 36. h4 Rb5 37. Ng5 Rbb7 38. Rfd1 Ra7 39. e4 Rac7 1-0

[Event "World Blitz 2016"]
[Site "Doha QAT"]
[Date "2016.12.30"]
[Round "15.38"]
[White "Kozul, Zdenko"]
[Black "Hirneise, Tobias"]
[Result "1-0"]
[WhiteTitle "GM"]
[BlackTitle "IM"]
[WhiteElo "2613"]
[BlackElo "2466"]
[WhiteFideId "14502879"]
[BlackFideId "24600881"]
[EventDate "2016.12.29"]

1. Nf3 c5 2. g3 Nc6 3. Bg2 g6 4. O-O Bg7 5. c3 d5 6. d4 cxd4 7. cxd4 e6 8. Nc3
Nge7 9. Bf4 O-O 10. Qd2 Nf5 11. e3 f6 12. g4 Nfe7 13. Bg3 h6 14. Rac1 e5 15. h3
Be6 16. Na4 b6 17. Nc3 Qd7 18. Rfd1 e4 19. Nh2 f5 20. Nb5 fxg4 21. hxg4 Bxg4 22.
Nxg4 Qxg4 23. Rc2 h5 24. Qe2 Qxe2 25. Rxe2 Nf5 26. Bh2 Nb4 27. a3 Nd3 28. Nc7
Rad8 29. Ne6 Nh4 30. Nxd8 Rxd8 31. Rc2 Rf8 32. b4 Bh6 33. Bg3 Nf5 34. Bh2 Nh4
35. Be5 Rf7 36. Rc8+ Bf8 37. Rxd3 Nxg2 38. Rdc3 Nh4 39. Bd6 Nf3+ 40. Kg2 Kg7 41.
Bxf8+ Rxf8 42. R3c7+ Rf7 43. Rxf7+ Kxf7 44. Rc7+ Ke6 45. Rxa7 Kf5 46. Rf7+ Kg4
47. Rf4+ Kg5 48. a4 Nxd4 49. exd4 Kxf4 50. a5 1-0

[Event "World Blitz 2016"]
[Site "Doha QAT"]
[Date "2016.12.30"]
[Round "15.39"]
[White "Borisek, Jure"]
[Black "Potapov, Pavel"]
[Result "1/2-1/2"]
[WhiteTitle "GM"]
[BlackTitle "GM"]
[WhiteElo "2561"]
[BlackElo "2493"]
[WhiteFideId "14603152"]
[BlackFideId "4169786"]
[EventDate "2016.12.29"]

1. e4 d5 2. exd5 Qxd5 3. Nc3 Qd6 4. d4 Nf6 5. Nf3 g6 6. Nb5 Qb6 7. c4 c6 8. Nc3
Bg7 9. Be2 O-O 10. O-O Nbd7 11. a3 Re8 12. Be3 Qc7 13. h3 e5 14. d5 e4 15. Nd4
Ne5 16. Rc1 b6 17. dxc6 Nxc6 18. Ndb5 Qe5 19. b4 Rd8 20. Qa4 Be6 21. Qa6 Bc8 22.
Qa4 Be6 23. Qa6 Bc8 24. Qa4 Be6 25. Na2 1/2-1/2

[Event "World Blitz 2016"]
[Site "Doha QAT"]
[Date "2016.12.30"]
[Round "15.40"]
[White "Jumabayev, Rinat"]
[Black "Neelotpal, Das"]
[Result "1-0"]
[WhiteTitle "GM"]
[BlackTitle "GM"]
[WhiteElo "2611"]
[BlackElo "2463"]
[WhiteFideId "13702661"]
[BlackFideId "5003512"]
[EventDate "2016.12.29"]

1. Nf3 Nf6 2. c4 e6 3. g3 d5 4. Bg2 Be7 5. O-O O-O 6. d4 dxc4 7. Qc2 b5 8. a4 b4
9. Nfd2 c6 10. Nxc4 Qxd4 11. Nbd2 Nd5 12. Nb3 Qf6 13. e4 Nb6 14. Nca5 e5 15. Be3
Ba6 16. Rfd1 Rc8 17. Nc5 Bxc5 18. Bxc5 N8d7 19. Bxb4 c5 20. Ba3 Qe6 21. Rd2 Nf6
22. Rad1 c4 23. Rd6 Qe8 24. h4 h6 25. Bh3 Rc7 26. Bf5 Nfd7 27. Qd2 Bc8 28. Nc6
c3 29. Qe2 cxb2 30. Bxb2 Nf8 31. Bxc8 Raxc8 32. Nb4 Nxa4 33. Ba1 Nc3 34. Bxc3
Rxc3 35. Nd5 Rc1 36. Rxc1 Rxc1+ 37. Kg2 Rc8 38. Qg4 Kh8 39. Rxh6+ gxh6 40. Nf6
Ng6 41. Nxe8 Rxe8 42. Qd7 Re7 43. Qd8+ 1-0

[Event "World Blitz 2016"]
[Site "Doha QAT"]
[Date "2016.12.30"]
[Round "15.42"]
[White "Atabayev, Yusup"]
[Black "Adhiban, Baskaran"]
[Result "1/2-1/2"]
[WhiteTitle "IM"]
[BlackTitle "GM"]
[WhiteElo "2473"]
[BlackElo "2666"]
[WhiteFideId "14001128"]
[BlackFideId "5018471"]
[EventDate "2016.12.29"]

1. e4 e5 2. Nf3 Nc6 3. Nc3 Nf6 4. g3 d5 5. exd5 Nxd5 6. Bg2 Nxc3 7. bxc3 Be7 8.
O-O O-O 9. Rb1 Rb8 10. d3 Bg4 11. Qe1 Bd6 12. h3 Bh5 13. Ng5 Qd7 14. Qe4 Bg6 15.
Qa4 h6 16. Ne4 f5 17. Nxd6 cxd6 18. d4 e4 19. Bf4 Bf7 20. Rfd1 g5 21. Bc1 Ne5
22. Qxd7 Nxd7 23. Ba3 Rbc8 24. Bxd6 Rfe8 25. Rxb7 Nb6 26. Bb4 Nd5 27. Rxa7 f4
28. Re1 f3 29. Bf1 Nxb4 30. cxb4 Rxc2 31. Ra3 Rxa2 32. Rxa2 Bxa2 33. b5 Bd5 34.
Rc1 e3 35. fxe3 Rxe3 36. Rb1 Kf8 37. b6 Bb7 38. Kf2 Rc3 39. Rb2 Ke7 40. g4 Kd6
41. Rd2 Rb3 42. d5 Rxb6 43. Kxf3 Bxd5+ 44. Kf2 Ke5 45. Bg2 Bc4 46. Kg3 Rb3+ 47.
Kh2 Rb6 48. Rf2 Bd3 49. Rf3 Be4 50. Re3 Rb4 51. Re1 Kf4 52. Rf1+ Ke5 53. Re1 Kd5
54. Bxe4+ Rxe4 55. Ra1 Re2+ 56. Kg3 Re3+ 57. Kg2 Re2+ 58. Kf3 Re6 59. Ra5+ Kd4
60. Ra4+ Kd5 61. Ra5+ Kd4 62. Ra4+ 1/2-1/2

[Event "World Blitz 2016"]
[Site "Doha QAT"]
[Date "2016.12.30"]
[Round "15.43"]
[White "Sanal, Vahap"]
[Black "Tari, Aryan"]
[Result "0-1"]
[WhiteTitle "GM"]
[BlackTitle "GM"]
[WhiteElo "2474"]
[BlackElo "2584"]
[WhiteFideId "6300545"]
[BlackFideId "1510045"]
[EventDate "2016.12.29"]

1. Nf3 d5 2. g3 g6 3. c4 dxc4 4. Na3 Nc6 5. Nxc4 Bg7 6. Bg2 e5 7. d3 e4 8. Ng5
exd3 9. O-O Nge7 10. exd3 O-O 11. Ne4 h6 12. Re1 Nd4 13. Bd2 Nd5 14. Qc1 Kh7 15.
Ne3 c6 16. h3 Be6 17. Nc5 Bc8 18. Nxd5 cxd5 19. Bc3 Qd6 20. Nb3 Nxb3 21. axb3
Be6 22. Ra4 Rfc8 23. Qa1 a6 24. Bxg7 Kxg7 25. Qd1 Rc7 26. Qd2 Rac8 27. Qe3 Rc2
28. Qd4+ Kg8 29. b4 Rd2 30. Raa1 Rcc2 31. Rf1 Rxb2 32. Rac1 Rxb4 33. Qe3 Rbb2
34. d4 Kg7 35. Rc3 Rbc2 36. Rb3 Rb2 37. Rc3 Rdc2 38. Rd3 a5 39. h4 h5 40. Bf3
Bf5 41. Ra3 b6 42. Bd1 Rd2 43. Qc3 Bd3 44. Rb3 Qxg3+ 45. Kh1 Qh3+ 46. Kg1 Rxf2
47. Rxf2 Qg3+ 48. Kh1 Rxf2 0-1

[Event "World Blitz 2016"]
[Site "Doha QAT"]
[Date "2016.12.30"]
[Round "15.44"]
[White "Maghsoodloo, Parham"]
[Black "Hirneise, Jens"]
[Result "1-0"]
[WhiteTitle "GM"]
[BlackTitle "FM"]
[WhiteElo "2584"]
[BlackElo "2315"]
[WhiteFideId "12539929"]
[BlackFideId "24614734"]
[EventDate "2016.12.29"]

1. Nf3 Nf6 2. g3 g6 3. Bg2 Bg7 4. b3 c5 5. Bb2 Nc6 6. O-O O-O 7. c4 d6 8. e3 Bd7
9. d4 Qc8 10. Nc3 Bh3 11. d5 Bxg2 12. Kxg2 Nb8 13. Qc2 Nbd7 14. e4 a6 15. a4 b6
16. Ne1 e5 17. Nd3 Nh5 18. a5 Qb7 19. axb6 Qxb6 20. Ra3 Rae8 21. Rfa1 Nb8 22.
Bc1 f5 23. f3 Nf6 24. Be3 fxe4 25. fxe4 Ng4 26. Bg1 Bh6 27. Qe2 Nf6 28. b4 Nfd7
29. bxc5 dxc5 30. Na4 Qc7 31. Ndxc5 Nxc5 32. Nxc5 Rf6 33. Nxa6 Nxa6 34. Rxa6
Rxa6 35. Rxa6 Rb8 36. c5 Rb1 37. Bf2 Bf8 38. d6 Qb7 39. c6 Qb4 40. d7 Be7 41. c7 1-0

[Event "World Blitz 2016"]
[Site "Doha QAT"]
[Date "2016.12.30"]
[Round "15.45"]
[White "Zhigalko, Sergei"]
[Black "Zhang, Zhong"]
[Result "1-0"]
[WhiteTitle "GM"]
[BlackTitle "GM"]
[WhiteElo "2671"]
[BlackElo "2645"]
[WhiteFideId "13502956"]
[BlackFideId "8600694"]
[EventDate "2016.12.29"]

1. e4 e5 2. Nf3 Nc6 3. Bc4 Bc5 4. O-O Nf6 5. d3 d6 6. c3 Bb6 7. Nbd2 O-O 8. Bb3
h6 9. Re1 Re8 10. Nc4 Be6 11. Bc2 Bxc4 12. dxc4 Ne7 13. Nh4 Qd7 14. h3 Qe6 15.
Qf3 Nd7 16. Qg3 Qf6 17. Bd2 Nc5 18. Rad1 Ne6 19. Nf5 Qg6 20. Qh4 Ng5 21. Kh1 Qf6
22. Rf1 Nxf5 23. exf5 Nh7 24. Qe4 c6 25. Qg4 Rad8 26. Bc1 Kh8 27. b4 Qe7 28. a4
a5 29. Qg3 Nf6 30. Bb3 Ne4 31. Qf3 Nf6 32. Rfe1 Qc7 33. Re2 axb4 34. cxb4 Bd4
35. Rde1 d5 36. cxd5 cxd5 37. Qd3 Qb6 38. Qd2 Ne4 39. Rxe4 dxe4 40. a5 Qa7 41.
Rf1 Bc5 42. Qe2 Bxb4 43. Bxf7 Rf8 44. Qh5 Qa6 45. Rg1 Qf6 46. Bg6 Kg8 47. Qg4
Bc5 48. Qxe4 Bxf2 49. Rf1 Bd4 50. Qxb7 Qxg6 51. fxg6 Rxf1+ 52. Kh2 Rxc1 53. a6
Ra1 54. h4 Rf8 55. h5 Kh8 56. g3 Kg8 57. Kh3 Kh8 58. Kg4 Ra4 59. Kh3 Rg8 60. Qc6
Ra3 61. Kg2 Rb8 62. Qd6 Ra2+ 63. Kh3 Rg8 64. Qe6 Ra8 65. Qxa2 Ba7 66. Qd5 Re8
67. Qd7 1-0

[Event "World Blitz 2016"]
[Site "Doha QAT"]
[Date "2016.12.30"]
[Round "15.46"]
[White "Howell, David W L"]
[Black "Agdestein, Simen"]
[Result "0-1"]
[WhiteTitle "GM"]
[BlackTitle "GM"]
[WhiteElo "2644"]
[BlackElo "2602"]
[WhiteFideId "410608"]
[BlackFideId "1500015"]
[EventDate "2016.12.29"]

1. c4 e6 2. g3 f5 3. Bg2 Nf6 4. Nc3 d5 5. Nf3 d4 6. Nb5 c5 7. O-O a6 8. Na3 Nc6
9. d3 Be7 10. e3 dxe3 11. Bxe3 e5 12. Nc2 O-O 13. Re1 Bd6 14. Bg5 h6 15. Bxf6
Qxf6 16. Ne3 Qf7 17. Nd2 Kh8 18. Nd5 Be6 19. a3 a5 20. Nb1 Rad8 21. Nbc3 e4 22.
dxe4 f4 23. e5 Bxe5 24. Ne4 Bxb2 25. Rb1 Bxa3 26. Qa4 Bb4 27. Nxf4 Bxe1 28. Rxe1
Bxc4 29. Nxc5 b5 30. Qc2 Nd4 31. Qb1 Rfe8 32. Ng6+ Kg8 33. Ne5 Qe7 34. Ned3 Ne2+
35. Kh1 Qd6 36. Be4 Nc3 0-1

[Event "World Blitz 2016"]
[Site "Doha QAT"]
[Date "2016.12.30"]
[Round "15.47"]
[White "Debashis, Das"]
[Black "Svane, Rasmus"]
[Result "0-1"]
[WhiteTitle "GM"]
[BlackTitle "GM"]
[WhiteElo "2472"]
[BlackElo "2555"]
[WhiteFideId "5024854"]
[BlackFideId "4657101"]
[EventDate "2016.12.29"]

1. d4 Nf6 2. c4 e6 3. Nc3 Bb4 4. e3 O-O 5. Bd3 d5 6. Nf3 c5 7. O-O dxc4 8. Bxc4
b6 9. Qe2 Bb7 10. Rd1 Bxc3 11. bxc3 Qc7 12. Bd3 Be4 13. Bb2 Nbd7 14. Ba6 Rad8
15. h3 e5 16. Nd2 Bb7 17. Bxb7 Qxb7 18. dxe5 Nxe5 19. c4 Qe7 20. Nf3 Nc6 21. Nh4
Qe6 22. g4 Nd4 23. Qf1 Nc6 24. Nf5 Ne5 25. Rxd8 Rxd8 26. Rd1 Re8 27. Bxe5 Qxe5
28. Qd3 g6 29. Ng3 Kg7 30. Kg2 Qe6 31. Qc3 Kg8 32. Rd3 Ne4 33. Nxe4 Qxe4+ 34. f3
Qe6 35. e4 a6 36. a4 Qc6 37. Qc2 Re6 38. Rd5 Rd6 39. Qd1 Re6 40. Rd8+ Re8 41.
Rd6 Qc7 42. Qd5 Kg7 43. e5 Re7 44. Kg3 h6 45. f4 Qa7 46. Qc6 b5 47. cxb5 axb5
48. Qxb5 c4 49. Qxc4 Qe3+ 50. Kg2 Rb7 51. Qc2 Qxf4 52. Rd3 Qxe5 53. Qc3 Qxc3 54.
Rxc3 Rb2+ 55. Kf3 Ra2 56. Rc4 Ra3+ 57. Kg2 Kf6 58. h4 Ke5 59. Rb4 f5 60. gxf5
gxf5 61. Rc4 h5 62. Rb4 Kd5 63. Kf2 Ke5 64. Ke2 f4 65. Rb5+ Ke4 66. Rb4+ Kf5 67.
Rb5+ Kg4 68. a5 Ra2+ 69. Kf1 Kf3 70. Rb3+ Kg4 71. Kg1 Rxa5 72. Kg2 Ra2+ 73. Kg1
Kxh4 74. Rb8 Kg3 75. Rg8+ Kf3 76. Rb8 Ra1+ 77. Kh2 Rd1 78. Rb5 Kg4 79. Rb3 Rd2+ 0-1

[Event "World Blitz 2016"]
[Site "Doha QAT"]
[Date "2016.12.30"]
[Round "15.48"]
[White "Aleksandrov, Aleksej"]
[Black "Gholami, Aryan"]
[Result "1-0"]
[WhiteTitle "GM"]
[BlackTitle "IM"]
[WhiteElo "2574"]
[BlackElo "2422"]
[WhiteFideId "13500139"]
[BlackFideId "12513342"]
[EventDate "2016.12.29"]

1. d4 Nf6 2. c4 e6 3. Nc3 Bb4 4. e3 O-O 5. Bd3 b6 6. Ne2 Bb7 7. O-O d5 8. cxd5
exd5 9. a3 Be7 10. b4 Re8 11. Qc2 Nbd7 12. Rb1 Rb8 13. b5 Bd6 14. f3 Qe7 15. a4
Rbc8 16. Bd2 c5 17. bxc6 Bxc6 18. Ba6 Rc7 19. Qb3 Nb8 20. Bd3 Rcc8 21. Nb5 Bxb5
22. axb5 Nbd7 23. Rfc1 Bb8 24. Qb4 Bd6 25. Qb3 Bb8 26. Ng3 g6 27. Rc6 h5 28.
Rbc1 Rcd8 29. Nf1 Bd6 30. Qa2 Nb8 31. R6c2 Rd7 32. Be1 Qe6 33. Bf2 Rde7 34. Rc3
Rd7 35. Bc2 Rde7 36. Bb3 Rd7 37. e4 Bf8 38. e5 Nh7 39. Ne3 Bh6 40. R1c2 Bxe3 41.
Bxe3 Nf8 42. Rc7 Ree7 43. Rc8 Re8 44. Rxe8 Qxe8 45. Bxd5 Ne6 46. Bxe6 fxe6 47.
h4 Rf7 48. Bg5 Qd7 49. Qc4 Rf8 50. Bf6 Qf7 51. Qc7 Nd7 52. Bg5 Qf5 53. Rf2 Qb1+
54. Kh2 Qxb5 55. Qxa7 Qd5 56. Qa1 b5 57. Qb1 Qxd4 58. Qxg6+ Kh8 59. Qxh5+ Kg8
60. Qg6+ Kh8 61. Qh6+ Kg8 62. Qxe6+ Rf7 63. Qg6+ Rg7 64. Qe8+ Kh7 65. Rd2 Qxe5+
66. Qxe5 Nxe5 67. Rd5 Nf7 68. Rxb5 Nxg5 69. Rxg5 Rb7 70. g4 Rb3 71. Kg3 Rb4 72.
h5 Ra4 73. Rg6 Ra5 74. Rb6 1-0

[Event "World Blitz 2016"]
[Site "Doha QAT"]
[Date "2016.12.30"]
[Round "15.49"]
[White "Saeed, Ishaq"]
[Black "Darini, Pouria"]
[Result "1-0"]
[WhiteTitle "FM"]
[BlackTitle "GM"]
[WhiteElo "2312"]
[BlackElo "2511"]
[WhiteFideId "9301453"]
[BlackFideId "12502200"]
[EventDate "2016.12.29"]

1. d4 Nf6 2. c4 g6 3. Nc3 d5 4. Nf3 Bg7 5. e3 O-O 6. Be2 c5 7. dxc5 Na6 8. cxd5
Nxc5 9. O-O Bf5 10. Bc4 Rc8 11. Qe2 a6 12. a3 b5 13. Ba2 Bd3 14. Qd1 Bxf1 15.
Qxf1 Nfe4 16. Nxe4 Nxe4 17. Nd4 Qd6 18. Qd3 Nc5 19. Qd1 Rfd8 20. Bd2 e6 21. Nc6
Re8 22. Bb4 exd5 23. Bxd5 Bxb2 24. Rb1 Bf6 25. Bxf7+ Kxf7 26. Qxd6 Ne4 27. Qd5+
Kg7 28. f3 Nc3 29. Bxc3 Bxc3 30. Qd7+ Kh8 31. Rd1 a5 32. Qd5 b4 33. axb4 axb4
34. h4 Rc7 35. Na5 Rec8 36. Nb3 Bf6 37. Qe4 Bc3 38. Rd6 Bg7 39. h5 gxh5 40. Rd5
Rc3 41. Rxh5 h6 42. Qxb4 Rxe3 43. Nd4 Rd3 44. Ne6 Rd1+ 45. Kh2 Bf6 46. Rxh6+ Kg8
47. Rxf6 1-0

[Event "World Blitz 2016"]
[Site "Doha QAT"]
[Date "2016.12.30"]
[Round "15.50"]
[White "Quintiliano Pinto, Renato R."]
[Black "Xu, Yi"]
[Result "1/2-1/2"]
[WhiteTitle "IM"]
[BlackTitle "IM"]
[WhiteElo "2484"]
[BlackElo "2430"]
[WhiteFideId "2117568"]
[BlackFideId "8605564"]
[EventDate "2016.12.29"]

1. d4 Nf6 2. Nf3 d5 3. Bf4 c5 4. e3 Nc6 5. Nbd2 Qb6 6. dxc5 Qxb2 7. Rb1 Qc3 8.
Bb5 e6 9. Ne5 Qxc5 10. O-O Bd7 11. Nxd7 Nxd7 12. c4 Be7 13. Nb3 Qb6 14. Nd4 Qc5
15. cxd5 Qxd5 16. Qa4 Nxd4 17. Bxd7+ Qxd7 18. Qxd7+ Kxd7 19. Rxb7+ Kc6 20. Rc7+
Kd5 21. exd4 Bf6 22. Rxf7 Rhc8 23. Rd7+ Ke4 24. Be5 Rc2 25. Re1+ Kf5 26. Bxf6
gxf6 27. Rd6 Rxa2 28. Rdxe6 Rc8 29. R6e3 Rcc2 30. Rf3+ Kg6 31. h4 Kf7 32. h5 a5
33. Re4 a4 34. Ref4 Ra1+ 35. Kh2 Rc6 36. Rf5 a3 37. Ra5 a2 38. Rfa3 Rc2 39. Kg3
Rd2 40. d5 Ke7 41. Ra7+ Kd6 42. Rxh7 Rxd5 43. Ra6+ Ke5 44. Rha7 Rd3+ 45. f3 Rd2
46. Kh2 Kf5 47. h6 Kg6 48. h7 Rd8 49. Kg3 Rh8 50. Kf4 Rxh7 51. Rxh7 Kxh7 52. g4
Kg7 53. Ra5 Kf7 54. Ra6 Ke7 55. Ra3 Ke6 56. Ra6+ Ke7 57. Ra7+ Ke6 58. Ra6+ Ke7
59. Ra7+ Kd6 60. Ra5 Ke7 61. Ra6 Kf7 62. Ra3 Kg6 63. Ra6 Kf7 64. Ra5 Ke7 65. Ra3
Ke6 66. Ra6+ Kf7 67. Ra7+ 1/2-1/2

[Event "World Blitz 2016"]
[Site "Doha QAT"]
[Date "2016.12.30"]
[Round "15.51"]
[White "Gashimov, Sarkhan"]
[Black "Shytaj, Luca"]
[Result "1-0"]
[BlackTitle "IM"]
[WhiteElo "2351"]
[BlackElo "2435"]
[WhiteFideId "13400657"]
[BlackFideId "812633"]
[EventDate "2016.12.29"]

1. d4 Nf6 2. Nc3 d5 3. Bg5 Nbd7 4. Qd2 h6 5. Bh4 e6 6. e3 Be7 7. Nf3 a6 8. h3 c5
9. a3 O-O 10. Bd3 b5 11. O-O Bb7 12. Ne5 Nxe5 13. dxe5 Ne4 14. Bxe7 Qxe7 15.
Bxe4 dxe4 16. Qd6 Qxd6 17. exd6 Rfd8 18. Rfd1 Rd7 19. Rd2 Rad8 20. Rad1 Kf8 21.
b4 cxb4 22. axb4 Bd5 23. Rd4 Rxd6 24. Nxe4 Rc6 25. Nc5 Ra8 26. e4 Bc4 27. Nb7 e5
28. Rd6 Rxd6 29. Rxd6 Ke7 30. Rb6 g6 31. Na5 Be6 32. f3 Kf6 33. Rc6 Rd8 34. Rxa6
Rd1+ 35. Kh2 Rd2 36. Rc6 Kg5 37. c4 bxc4 38. Nxc4 Kf4 1-0

[Event "World Blitz 2016"]
[Site "Doha QAT"]
[Date "2016.12.30"]
[Round "15.52"]
[White "Venkatesh, M.R."]
[Black "khayat, Abdullah F"]
[Result "1-0"]
[WhiteTitle "GM"]
[WhiteElo "2439"]
[BlackElo "1732"]
[WhiteFideId "5005779"]
[BlackFideId "21500460"]
[EventDate "2016.12.29"]

1. d4 Nf6 2. Nc3 g6 3. e4 d6 4. Be3 Bg7 5. Nf3 O-O 6. Bd3 a5 7. Qd2 e5 8. dxe5
dxe5 9. O-O-O Ng4 10. Bg5 Bf6 11. h4 h5 12. Nd5 c6 13. Nxf6+ Nxf6 14. Nxe5 Qe7
15. Qf4 Nbd7 16. Nxd7 Bxd7 17. Bxf6 Qe6 18. Bc4 1-0